[Event "Sochi"]
[Site "Sochi"]
[Date "1982.??.??"]
[Round "15"]
[White "Speelman, Jonathan S"]
[Black "Psakhis, Lev"]
[Result "1/2-1/2"]
[WhiteElo "2575"]
[BlackElo "2615"]

1.Nf3 Nf6 2.d4 b6 3.g3 Bb7 4.c4 e6 5.Bg2 Bb4+ 6.Bd2 Be7 7.O-O O-O 8.Nc3 d5
9.cxd5 exd5 10.Rc1 Na6  1/2-1/2

[Event "Telechess ol2 8182"]
[Site "telex"]
[Date "1982.??.??"]
[Round "?"]
[White "Psakhis, Lev"]
[Black "Speelman, Jonathan S"]
[Result "1-0"]
[WhiteElo "2500"]
[BlackElo "2535"]

1.d4 Nf6 2.c4 e6 3.Nf3 Bb4+ 4.Bd2 Qe7 5.g3 Nc6 6.Bg2 Bxd2+ 7.Nbxd2 O-O 8.O-O d6
9.e4 a5 10.e5 dxe5 11.dxe5 Nd7 12.Re1 Rd8 13.Re3 a4 14.Qc2 Ra5 15.Rae1 Nf8
16.a3 Bd7 17.h4 Be8 18.Bf1 b6 19.Nb1 Nd4 20.Nxd4 Rxd4 21.Nc3 Rd8 22.Nb5 h6
23.Qc3 Rc8 24.Qb4 c5 25.Qc3 Bxb5 26.cxb5 c4 27.Bxc4 Ra7 28.Rd1 Rac7 29.Rd4 Rc5
30.Qb4 Qc7 31.Bf1 Ng6 32.Qxa4 Nxe5 33.Qd1 Rc1 34.Qe2 Nd7 35.Ree4 Nf6 36.Rc4 Qd7
37.Rxc8+ Rxc8 38.Rc4 Rd8 39.Rc3 g6 40.Qe5 Nd5 41.Rc6 Qe7  1-0

[Event "Baku"]
[Site "Baku"]
[Date "1983.??.??"]
[Round "?"]
[White "Kirov, Nino"]
[Black "Speelman, Jonathan S"]
[Result "0-1"]
[WhiteElo "2445"]
[BlackElo "2535"]

1.e4 c5 2.Nf3 d6 3.d4 Nf6 4.Nc3 cxd4 5.Nxd4 Nc6 6.g3 g6 7.Bg2 Nxd4 8.Qxd4 Bg7
9.O-O O-O 10.h3 Bd7 11.Qd1 Rc8 12.a4 Rc4 13.Qd3 Qc8 14.Kh2 Be6 15.Ra3 Rc5
16.Rh1 a6 17.g4 b5 18.axb5 axb5 19.Ra5 Qc7 20.Rxb5 Rxc3 21.bxc3 Bc4 22.Rb7 Qc8
23.e5 Nxg4+ 24.hxg4 Bxd3 25.cxd3 Qxg4 26.f4 dxe5 27.Rf1 exf4 28.d4 Qg3+ 29.Kh1 Qxc3
30.Rxe7 f3 31.Bxf3 Qxd4 32.Re4 Qd3 33.Bg2 h5 34.Bg5 Rb8 35.Re7 Qg3  0-1

[Event "Baku"]
[Site "Baku"]
[Date "1983.??.??"]
[Round "?"]
[White "Bagirov, Vladimir"]
[Black "Speelman, Jonathan S"]
[Result "1/2-1/2"]
[WhiteElo "2505"]
[BlackElo "2535"]

1.d4 Nf6 2.c4 e6 3.Nc3 Bb4 4.Bg5 h6 5.Bh4 c5 6.d5 Bxc3+ 7.bxc3 d6 8.e3 e5
9.f3 Nbd7 10.Bd3 Qe7 11.Qc2 g5 12.Bg3 b5 13.cxb5 Nxd5 14.Bf2 a6 15.Ne2 axb5
16.Bxb5 Qe6 17.O-O Ba6 18.a4  1/2-1/2

[Event "Baku"]
[Site "Baku"]
[Date "1983.??.??"]
[Round "?"]
[White "Mikhalchishin, Adrian"]
[Black "Speelman, Jonathan S"]
[Result "1/2-1/2"]
[WhiteElo "2465"]
[BlackElo "2535"]

1.Nf3 Nf6 2.c4 e6 3.Nc3 Bb4 4.g3 O-O 5.Bg2 d5 6.O-O dxc4 7.Qa4 a5 8.a3 Bd7
9.Qc2 Bxc3 10.dxc3 Bc6 11.Bg5 h6 12.Rad1 Nbd7 13.Bxf6 Qxf6 14.Ng5 Qxg5 15.Bxc6 Nc5
16.Bb5 Rad8 17.Bxc4 a4 18.Bb5  1/2-1/2

[Event "Baku"]
[Site "Baku"]
[Date "1983.??.??"]
[Round "?"]
[White "Short, Nigel D"]
[Black "Speelman, Jonathan S"]
[Result "1-0"]
[WhiteElo "2475"]
[BlackElo "2535"]

1.e4 c5 2.Nf3 d6 3.d4 Nf6 4.Nc3 cxd4 5.Nxd4 g6 6.Be3 Bg7 7.f3 Nc6 8.Qd2 O-O
9.O-O-O d5 10.exd5 Nxd5 11.Nxc6 bxc6 12.Bd4 e5 13.Bc5 Be6 14.Ne4 Rb8 15.c4 Re8
16.g4 Qc8 17.Nd6 Qa6 18.b3 Nf6 19.Nxe8 Rxe8 20.g5 Nd7 21.Bb4 e4 22.fxe4 Rb8
23.c5 Qb7 24.Bc3 Nxc5 25.Bxg7 Kxg7 26.Qc3+ Kg8 27.Qxc5 Bxb3 28.Rd2 Bc4 29.Rd8+ Rxd8
30.Bxc4 Qd7 31.Qe3  1-0

[Event "Baku"]
[Site "Baku"]
[Date "1983.??.??"]
[Round "?"]
[White "Speelman, Jonathan S"]
[Black "Azmaiparashvili, Zurab"]
[Result "1/2-1/2"]
[WhiteElo "2535"]
[BlackElo "2455"]

1.d4 d6 2.c4 e5 3.Nf3 exd4 4.Nxd4 g6 5.Nc3 Bg7 6.g3 Nc6 7.Nxc6 bxc6 8.Bg2 Ne7
9.Bg5 O-O 10.Rc1 Rb8 11.b3 c5 12.Qd2 Be6 13.Rd1 a6 14.O-O Qe8 15.Ne4 f6 16.Bh6 Bxh6
17.Qxh6 a5 18.Qe3 Qf7 19.Nc3  1/2-1/2

[Event "Baku"]
[Site "Baku"]
[Date "1983.??.??"]
[Round "?"]
[White "Speelman, Jonathan S"]
[Black "Sideif Sade, Fikret I"]
[Result "1-0"]
[WhiteElo "2535"]
[BlackElo "2355"]

1.Nf3 Nf6 2.c4 g6 3.Nc3 d5 4.cxd5 Nxd5 5.Qa4+ Bd7 6.Qb3 Nb6 7.d4 Bg7 8.Bg5 O-O
9.Rd1 h6 10.Bh4 Be6 11.d5 Bg4 12.e3 N8d7 13.Be2 Re8 14.O-O c5 15.dxc6 bxc6
16.h3 Be6 17.Qc2 Qc8 18.Nd4 Nf6 19.Nxe6 Qxe6 20.Bg3 Nfd5 21.Nxd5 cxd5 22.Ba6 Be5
23.Bxe5 Qxe5 24.b3 e6 25.Rc1 Re7 26.Qc5 Kf8 27.Rc2 Nd7 28.Qa3 Nf6 29.Rfc1 Ne8
30.Rc8 Rxc8 31.Rxc8 Qa1+ 32.Bf1 f5 33.Ra8 Kf7 34.Rxa7 Rxa7 35.Qxa7+ Kf6 36.a4 Nd6
37.Qc5 Ne4 38.Qf8+ Kg5 39.Qe7+ Kh5 40.g4+ fxg4 41.hxg4+ Kxg4 42.Qxe6+ Kh4
43.f4  1-0

[Event "Baku"]
[Site "Baku"]
[Date "1983.??.??"]
[Round "?"]
[White "Speelman, Jonathan S"]
[Black "Rashkovsky, Nukhim N"]
[Result "1/2-1/2"]
[WhiteElo "2535"]
[BlackElo "2495"]

1.d4 Nf6 2.Nf3 g6 3.g3 Bg7 4.Bg2 O-O 5.O-O d6 6.Re1 Nc6 7.d5 Na5 8.e4 c6
9.h3 Bd7 10.a4 Rc8 11.Ra2 cxd5 12.exd5 Rc5 13.Ng5 h6 14.Ne4 Nxe4 15.Rxe4 Qc8
16.Be3 Rc4 17.Rxe7 Bxh3 18.b3 Bxg2 19.Kxg2 Rc7 20.Rxc7 Qxc7  1/2-1/2

[Event "Baku"]
[Site "Baku"]
[Date "1983.??.??"]
[Round "?"]
[White "Speelman, Jonathan S"]
[Black "Toshkov, Tihomir"]
[Result "1/2-1/2"]
[WhiteElo "2535"]
[BlackElo "2375"]

1.Nf3 Nf6 2.c4 g6 3.Nc3 Bg7 4.e4 d6 5.d4 O-O 6.Be2 e5 7.Be3 Ng4 8.Bg5 f6
9.Bh4 Nc6 10.h3 exd4 11.Nxd4 Nge5 12.f4 g5 13.fxe5  1/2-1/2

[Event "Baku"]
[Site "Baku"]
[Date "1983.??.??"]
[Round "?"]
[White "Taimanov, Mark E"]
[Black "Speelman, Jonathan S"]
[Result "1/2-1/2"]
[WhiteElo "2515"]
[BlackElo "2535"]

1.d4 Nf6 2.c4 e6 3.Nc3 Bb4 4.e3 O-O 5.Ne2 d5 6.cxd5 Nxd5 7.Bd2 Nd7 8.g3 Nxc3
9.bxc3 Ba5 10.Bg2 e5 11.O-O Re8 12.Qa4 c6 13.Rfd1 Bb6 14.Be1 Qg5 15.Rab1 Rb8
16.e4 Nf6 17.Qc2 Be6 18.f3 Bc4 19.Bf2 Nd7  1/2-1/2

[Event "Banja Luka"]
[Site "Banja Luka"]
[Date "1983.??.??"]
[Round "2"]
[White "Chekhov, Valery A"]
[Black "Speelman, Jonathan S"]
[Result "1/2-1/2"]
[WhiteElo "2510"]
[BlackElo "2570"]

1.e4 c6 2.c4 d5 3.exd5 cxd5 4.cxd5 Nf6 5.Nc3 Nxd5 6.Nf3 Nc6 7.d4 e6 8.Bd3 Bb4
9.Bd2 Be7 10.O-O Nf6 11.Be3 Nb4 12.Bb5+ Bd7 13.Bxd7+ Qxd7 14.Ne5 Qd6 15.Qa4+ Nc6
16.Nb5 Qd8 17.Rfc1 O-O 18.Nxc6 bxc6 19.Rxc6 Nd5 20.Nc3 Nb6 21.Qc2 Qd7 22.Ne2 Nd5
23.a3 Rab8 24.Rc4 Qb5 25.b4 a5 26.bxa5  1/2-1/2

[Event "Banja Luka"]
[Site "Banja Luka"]
[Date "1983.??.??"]
[Round "3"]
[White "Speelman, Jonathan S"]
[Black "Bukic, Enver"]
[Result "1-0"]
[WhiteElo "2570"]
[BlackElo "2470"]

1.d4 Nf6 2.Nf3 g6 3.g3 d5 4.Bg2 Bg7 5.O-O O-O 6.c4 c6 7.Nbd2 Bf5 8.b3 Be4
9.Bb2 e6 10.Rc1 Nbd7 11.e3 Qe7 12.Qe2 a5 13.a3 Rfe8 14.Rfd1 Nb6 15.a4 dxc4
16.Nxe4 Nxe4 17.bxc4 Nxa4 18.Ba1 f5 19.Qa2 b5 20.Nd2 Nxd2 21.Rxd2 Rac8 22.Rdc2 Nb6
23.cxb5 cxb5 24.Rxc8 Rxc8 25.Rxc8+ Nxc8 26.Qxa5 Nd6 27.Bc3 Qd7 28.Qa6 Qc7
29.Bc6 Bf6 30.Ba5 Qb8 31.Bd7 Kf7 32.Qc6 Be7 33.Bc7 Qb7 34.Qxb7 Nxb7 35.Bxb5 Nd6
36.Ba4 Ne4 37.Ba5 h5 38.f3 Nf6 39.Kf2 h4 40.Bb3 hxg3+ 41.hxg3 Bd6 42.Bc3 Ke7
43.Bc2 Nh5 44.g4 Nf6 45.g5 Nh7 46.f4 Nf8 47.Ba4 Nd7 48.Ba5 Nf8 49.Ke2 Ba3
50.Kd3 Kf7 51.Bb6 Nh7 52.Bc5 Bc1 53.d5 exd5 54.Kc2  1-0

[Event "Banja Luka"]
[Site "Banja Luka"]
[Date "1983.??.??"]
[Round "7"]
[White "Speelman, Jonathan S"]
[Black "Ftacnik, Lubomir"]
[Result "1/2-1/2"]
[WhiteElo "2570"]
[BlackElo "2560"]

1.Nf3 c5 2.g3 Nc6 3.Bg2 g6 4.O-O Bg7 5.c4 e6 6.Nc3 Nge7 7.e3 d5 8.cxd5 Nxd5
9.Nxd5 exd5 10.d4 cxd4 11.Nxd4 Nxd4 12.exd4 O-O 13.Be3 Be6 14.Qb3  1/2-1/2

[Event "Banja Luka"]
[Site "Banja Luka"]
[Date "1983.??.??"]
[Round "9"]
[White "Speelman, Jonathan S"]
[Black "Velimirovic, Dragoljub"]
[Result "1-0"]
[WhiteElo "2570"]
[BlackElo "2485"]

1.d4 c5 2.d5 d6 3.e4 g6 4.Nf3 Nf6 5.Nc3 Bg7 6.Be2 O-O 7.O-O e6 8.Bc4 e5 9.Be2 Na6
10.Nd2 Nc7 11.a4 b6 12.Nc4 Ba6 13.Ra3 Qd7 14.Bg5 h6 15.Be3 Kh7 16.Rb3 Rab8
17.Bd3 Bxc4 18.Bxc4 a6 19.Qd3 Nxe4 20.Nxe4 b5 21.Bxh6 bxc4 22.Qxc4 Rxb3 23.Bxg7 Rb4
24.Bxf8 Qd8 25.Qd3 Qxf8 26.c3 Rxb2 27.f4 f5 28.fxe5 dxe5 29.Ng5+ Kh6 30.Qg3 Qf6
31.d6 Ne6 32.Qh4+ Kg7 33.Qh7+ Kf8 34.Nxe6+ Qxe6 35.d7 Qd5 36.d8=Q+ Qxd8 37.Qh8+ Ke7
38.Qg7+ Ke6 39.Qxg6+ Qf6 40.Qe8+ Qe7 41.Qc8+ Qd7 42.Qxa6+ Ke7 43.Qh6 f4 44.Qg5+ Ke6
45.Re1 Qd5 46.h4 Rb8 47.Qxf4 Rg8 48.Qe4 Qxe4 49.Rxe4 Kd5 50.Re3 Rg4 51.h5 Rxa4
52.h6 Ra7 53.Rh3 Rh7 54.Rh4 e4 55.Kf2 Kc4 56.Ke3 Kxc3 57.g4 c4 58.g5  1-0

[Event "Banja Luka"]
[Site "Banja Luka"]
[Date "1983.??.??"]
[Round "10"]
[White "Inkiov, Ventzislav"]
[Black "Speelman, Jonathan S"]
[Result "1/2-1/2"]
[WhiteElo "2500"]
[BlackElo "2570"]

1.e4 c6 2.d4 d5 3.exd5 cxd5 4.c4 Nf6 5.Nc3 e6 6.Nf3 Bb4 7.Bd3 dxc4 8.Bxc4 O-O
9.O-O b6 10.Bg5 Bb7 11.Qe2 Bxc3  1/2-1/2

[Event "Banja Luka"]
[Site "Banja Luka"]
[Date "1983.??.??"]
[Round "11"]
[White "Speelman, Jonathan S"]
[Black "Filipovic, Branko"]
[Result "1/2-1/2"]
[WhiteElo "2570"]
[BlackElo "2335"]

1.Nf3 Nf6 2.c4 c5 3.g3 g6 4.b3 Bg7 5.Bb2 Nc6 6.Bg2 O-O 7.O-O d6 8.d4 a6 9.Nc3 Rb8
10.dxc5 dxc5 11.Na4 Qxd1 12.Rfxd1 Nd7 13.Bxg7 Kxg7 14.Ng5 Nd4 15.e3 Ne6 16.Nxe6+ fxe6
17.Rd2 b5 18.Nb2 Ne5 19.Rc1 Bb7 20.Bxb7 Rxb7 21.Kg2 Nf3 22.Rdd1 Nxh2  1/2-1/2

[Event "Gladsaxe"]
[Site "Gladsaxe"]
[Date "1983.??.??"]
[Round "?"]
[White "Cramling, Pia"]
[Black "Speelman, Jonathan S"]
[Result "1/2-1/2"]
[WhiteElo "2355"]
[BlackElo "2535"]

1.Nf3 Nf6 2.c4 c5 3.Nc3 g6 4.d4 Bg7 5.e4 cxd4 6.Nxd4 Nc6 7.Be3 Ng4 8.Qxg4 Nxd4
9.Qd1 Ne6 10.Rc1 O-O 11.Be2 b6 12.O-O Bb7 13.f3 d6 14.Qd2 Kh8 15.b4 f5 16.exf5 gxf5
17.f4 Rg8  1/2-1/2

[Event "Gladsaxe"]
[Site "Gladsaxe"]
[Date "1983.??.??"]
[Round "?"]
[White "Kristiansen, Jens"]
[Black "Speelman, Jonathan S"]
[Result "1/2-1/2"]
[WhiteElo "2430"]
[BlackElo "2535"]

1.e4 c5 2.Nf3 d6 3.d4 Nf6 4.Nc3 cxd4 5.Nxd4 Nc6 6.Bg5 e6 7.Qd2 Be7 8.O-O-O O-O
9.Nb3 a5 10.a4 d5 11.Bxf6 Bxf6 12.exd5 Bxc3 13.Qxc3 exd5 14.Nd4 Bg4 15.f3 Nb4
16.Qd2 Bh5 17.b3 Rc8 18.Kb2 Bg6 19.c3 Nc6 20.h4 h6 21.h5 Bh7 22.Bd3 Bxd3
23.Qxd3 Re8 24.g4 Qf6 25.Rhe1 Rxe1 26.Rxe1 Nxd4  1/2-1/2

[Event "Gladsaxe"]
[Site "Gladsaxe"]
[Date "1983.??.??"]
[Round "?"]
[White "Hansen, Curt"]
[Black "Speelman, Jonathan S"]
[Result "1-0"]
[WhiteElo "2450"]
[BlackElo "2535"]

1.d4 Nf6 2.Nf3 e6 3.c4 b6 4.g3 Ba6 5.b3 Bb4+ 6.Bd2 Be7 7.Bg2 d5 8.cxd5 Nxd5
9.Nc3 Nd7 10.Nxd5 exd5 11.O-O O-O 12.Bf4 Re8 13.Rc1 Bd6 14.Bxd6 cxd6 15.Re1 Nf6
16.Qd2 Qd7 17.Nh4 h6 18.Bf3 Ne4 19.Qf4 Bc8 20.Ng2 g5 21.Qe3 Ba6 22.Bxe4 Rxe4
23.Qd2 Rae8 24.Ne3 Qe6 25.Rc7 f5 26.Rxa7 f4 27.Qc2 Rc8 28.Qb1 fxe3 29.f3 Qf6
30.Rxa6 Re7 31.Qd3 g4 32.Rf1 gxf3 33.Rxf3 Qxf3 34.exf3 e2 35.Qg6+ Kf8 36.Qxh6+ Ke8
37.Qg6+ Kd7 38.Qf5+ Kc6 39.Qxc8+ Kb5 40.a4+  1-0

[Event "Gladsaxe"]
[Site "Gladsaxe"]
[Date "1983.??.??"]
[Round "?"]
[White "Speelman, Jonathan S"]
[Black "Mortensen, Erling"]
[Result "1/2-1/2"]
[WhiteElo "2535"]
[BlackElo "2435"]

1.d4 Nf6 2.Nf3 g6 3.g3 Bg7 4.Bg2 O-O 5.O-O d6 6.Re1 c5 7.c3 Nc6 8.dxc5 dxc5
9.Qxd8 Rxd8 10.Be3 Nd7 11.Rd1 Rb8 12.Ng5 h6 13.Nh3 Re8 14.Na3 Nce5 15.Nf4 Ng4
16.Bd2 b6 17.Nb5 a6 18.Na7 Bb7 19.Nc6 Bxc6 20.Bxc6 Red8 21.Be1 Nge5 22.Bg2 b5
23.Nd5 e6 24.Ne3 Nb6 25.Rxd8+ Rxd8 26.Bb7 a5 27.Ba6 b4 28.a4 g5 29.Bb5 f5
30.Rc1 f4 31.gxf4 gxf4 32.Ng2 f3 33.Nf4 fxe2 34.Bxe2 Nxa4 35.cxb4 cxb4 36.Nxe6 Rd6
37.Nxg7 Kxg7 38.b3 Nb2 39.f4 Ned3 40.Rc7+ Kf6 41.Bg3 Rd4 42.Ra7 Nxf4  1/2-1/2

[Event "Gladsaxe"]
[Site "Gladsaxe"]
[Date "1983.??.??"]
[Round "?"]
[White "Speelman, Jonathan S"]
[Black "Sloth, Jorn"]
[Result "1/2-1/2"]
[WhiteElo "2535"]
[BlackElo "2375"]

1.c4 e6 2.Nf3 Nf6 3.Nc3 Bb4 4.g3 O-O 5.Bg2 d5 6.a3 Be7 7.d4 Nbd7 8.O-O dxc4
9.e4 c6 10.a4 a5 11.Qe2 Nb6 12.Rd1 Ne8 13.h4 Bd7 14.Ne5 Nd6 15.Nxd7 Qxd7
16.Be3 Qc7 17.Bf4 Rfe8 18.d5 exd5 19.exd5 Bf8 20.Qg4 cxd5 21.Bxd5 Rad8 22.Bg2 Qc8
23.Qg5 Qa8 24.Nb5 h6 25.Qh5 Nxb5 26.Qxb5 Rxd1+ 27.Rxd1 Re6 28.Be3 Qa6 29.Qxa6 bxa6
30.Rd8 Nxa4 31.Rb8 Re5 32.Bc6 Nc5 33.Kg2 Nd3 34.Ra8 g5 35.hxg5  1/2-1/2

[Event "Gladsaxe"]
[Site "Gladsaxe"]
[Date "1983.??.??"]
[Round "?"]
[White "Speelman, Jonathan S"]
[Black "Kristensen, Bjarke"]
[Result "1/2-1/2"]
[WhiteElo "2535"]
[BlackElo "2300"]

1.d4 Nf6 2.Nf3 e6 3.g3 c5 4.Bg2 Qa5+ 5.Nbd2 cxd4 6.O-O Nc6 7.Nb3 Qc7 8.Nbxd4 a6
9.c4 d6 10.Nxc6 Qxc6 11.b3 Be7 12.Bb2 O-O 13.Qd3 Qc5 14.Rad1 Qh5 15.Nd2 Rb8
16.Ne4 Ne8 17.Qe3 Qa5 18.Bd4 b5 19.Ba7 Rb7 20.Nd2 Bg5 21.Qxg5 Rxa7 22.Ne4 h6
23.Qe3 Rd7 24.cxb5 axb5 25.Rd2 b4 26.Rc1 Bb7 27.Nc5 Rc7 28.Bxb7 dxc5 29.Bf3 Nf6
30.Qf4 Qa7 31.Kg2 Rfc8 32.Rcc2 Rd7 33.Rxd7 Qxd7 34.Rd2 Qc7 35.Qc4 Qe7 36.h4 h5
37.e3 g6 38.Qb5 Kg7 39.Rd1 e5 40.Rd2 Rc7 41.Qc4 e4 42.Be2 Qe5 43.Qa6 Rd7
44.Rxd7 Nxd7 45.a4 bxa3 46.Qxa3 Qd6 47.Qa7 Ne5 48.Bc4 Qf6 49.Qxc5 Qf3+ 50.Kg1 Qd1+
51.Kg2 Qf3+ 52.Kg1 Qd1+ 53.Kg2 Nf3 54.Bf1 Ne1+ 55.Kg1 Nf3+ 56.Kg2 Qxb3 57.Be2 Ne1+
58.Kf1 Nd3 59.Qd4+ Kh7 60.Kg2 Ne1+ 61.Kf1 Nd3  1/2-1/2

[Event "Hastings8384"]
[Site "Hastings"]
[Date "1983.??.??"]
[Round "1"]
[White "Martin, Andrew D"]
[Black "Speelman, Jonathan S"]
[Result "1/2-1/2"]
[WhiteElo "2340"]
[BlackElo "2535"]

1.d4 Nf6 2.c4 e6 3.Nf3 Nc6 4.Nc3 Bb4 5.Qc2 d6 6.a3 Bxc3+ 7.Qxc3 a5 8.b3 O-O
9.Bg5 h6 10.Bh4 g5 11.Bg3 Ne4 12.Qc2 f5 13.e3 Qf6 14.Rd1 e5 15.dxe5 dxe5
16.c5 Be6 17.Bb5 Nxg3 18.hxg3  1/2-1/2

[Event "Hastings8384"]
[Site "Hastings"]
[Date "1983.??.??"]
[Round "3"]
[White "Mestel, A Jonathan"]
[Black "Speelman, Jonathan S"]
[Result "1/2-1/2"]
[WhiteElo "2500"]
[BlackElo "2535"]

1.c4 e6 2.Nf3 Nf6 3.g3 d5 4.b3 a5 5.Bg2 Be7 6.Bb2 a4 7.Na3 O-O 8.O-O b6 9.Qb1 Bb7
10.b4 Nc6 11.cxd5 exd5 12.b5 Na5 13.d3 Re8 14.Nd4 Bc5 15.Nac2 Bc8 16.Ne3 Be6
17.Qc2 Qd7 18.Rfc1 Bh3 19.Qd2 a3 20.Bc3 Nb7 21.Nec2 Ra4 22.Rab1 Nd6  1/2-1/2

[Event "Hastings8384"]
[Site "Hastings"]
[Date "1983.??.??"]
[Round "4"]
[White "Speelman, Jonathan S"]
[Black "Short, Nigel D"]
[Result "1-0"]
[WhiteElo "2535"]
[BlackElo "2475"]

1.Nf3 Nf6 2.c4 b6 3.Nc3 Bb7 4.d4 e6 5.e3 Be7 6.Bd3 c5 7.O-O cxd4 8.exd4 d5
9.cxd5 Nxd5 10.Nxd5 Bxd5 11.Ne5 O-O 12.Qh5 f5 13.Qe2 Nd7 14.Nc6 Qe8 15.Bf4 Bf6
16.Rac1 Qg6 17.g3 Rfe8 18.Nb4 Be4 19.Bxe4 fxe4 20.Rc7 Nf8 21.Nc6 Rac8 22.Rxc8 Rxc8
23.Rc1 Kh8 24.Rc3 Ra8 25.Qa6 Qe8 26.Qb7 Nd7 27.Nb8  1-0

[Event "Hastings8384"]
[Site "Hastings"]
[Date "1983.??.??"]
[Round "5"]
[White "Gurevich, Dmitry"]
[Black "Speelman, Jonathan S"]
[Result "1/2-1/2"]
[WhiteElo "2510"]
[BlackElo "2535"]

1.d4 Nf6 2.c4 e6 3.Nc3 Bb4 4.e3 O-O 5.Bd3 d5 6.Ne2 dxc4 7.Bxc4 e5 8.a3 Bd6
9.dxe5 Bxe5 10.Qxd8 Rxd8 11.e4 Nc6 12.f3 Na5 13.Ba2 Be6 14.Bxe6 fxe6 15.Rb1 Nb3
16.Be3 c5 17.Kf2 Bd4 18.Nf4 Kf7 19.Rhd1 g5 20.Nd3 e5 21.Ne2 c4 22.Nb4 Kg6
23.Nc2 Bc5 24.Nc3 b6 25.Bxc5 Nxc5 26.Nb4 Kf7 27.Nb5 a6 28.Nc7 Rxd1 29.Rxd1 Ra7
30.Ncd5 Rd7 31.Ke2 b5 32.Nxf6 Rxd1 33.Kxd1 Kxf6  1/2-1/2

[Event "Hastings8384"]
[Site "Hastings"]
[Date "1983.??.??"]
[Round "7"]
[White "Hebden, Mark"]
[Black "Speelman, Jonathan S"]
[Result "1/2-1/2"]
[WhiteElo "2495"]
[BlackElo "2535"]

1.e4 c5 2.f4 g6 3.Nf3 Bg7 4.g3 Nc6 5.Bg2 d6 6.d3 e6 7.c3 e5 8.O-O Nge7 9.Be3 exf4
10.Bxf4 h6 11.Na3 O-O 12.Qe2 Be6 13.Be3 Bg4 14.Qd2 Kh7 15.Nh4 Qd7 16.Rf2 Bh3
17.Bxh3 Qxh3 18.Raf1 Qe6 19.Nb5 Rad8 20.c4 Ne5 21.Ng2 a6 22.Nc3  1/2-1/2

[Event "Hastings8384"]
[Site "Hastings"]
[Date "1983.??.??"]
[Round "10"]
[White "Alburt, Lev O"]
[Black "Speelman, Jonathan S"]
[Result "0-1"]
[WhiteElo "2570"]
[BlackElo "2535"]

1.d4 e6 2.c4 Nf6 3.g3 d5 4.Bg2 dxc4 5.Qa4+ Nbd7 6.Qxc4 c5 7.Nf3 a6 8.Qc2 b5
9.dxc5 Bxc5 10.Ne5 Rb8 11.Nc6 Qc7 12.Kf1 Rb6 13.Bf4 e5 14.Nxe5 Nxe5 15.Nd2 Bb7
16.Nf3 Bxf3 17.Bxf3 Qe7 18.Bxe5 Qxe5 19.Rc1 Be7 20.Qc8+ Bd8 21.Bc6+ Ke7 22.Kg2 Qb8
23.Bf3 Re8 24.Rhd1 Kf8 25.Qxb8 Rxb8 26.Rc6 Re6 27.Rxe6 fxe6 28.Rd6 e5 29.e3 e4
30.Be2 a5 31.g4 Ke7 32.Rc6 Ne8 33.g5 Nd6 34.h4 Rb7 35.Rc5 Bb6 36.Re5+ Kf7
37.Bg4 Re7 38.Rd5 Bc7 39.Rc5 h6 40.Be2 hxg5 41.Rxg5 b4 42.Rc5 Kf6 43.h5 Ne8
44.a3 Re5 45.Rc6+ Bd6 46.axb4 axb4 47.Rb6 Kg5 48.Bc4 Bc5 49.Rc6 Nf6 50.Bf7 Nxh5
51.Rg6+ Kh4 52.Kf1 Rg5 53.Re6 Nf6 54.b3 Rf5 55.Bg6 Rd5 56.Bxe4 Nxe4 57.Rxe4+ Kg5
58.Ke2 Kf6 59.Rc4 Be7 60.Rc6+ Kf7 61.Rc4 g5 62.f3 Ra5 63.f4 Ra3 64.f5 Rxb3
65.Rc7 Rc3 66.Rb7 Kf6  0-1

[Event "Hastings8384"]
[Site "Hastings"]
[Date "1983.??.??"]
[Round "12"]
[White "Ftacnik, Lubomir"]
[Black "Speelman, Jonathan S"]
[Result "1-0"]
[WhiteElo "2535"]
[BlackElo "2535"]

1.d4 Nf6 2.c4 e6 3.Nf3 d5 4.Bg5 Be7 5.Nc3 O-O 6.e3 h6 7.Bh4 b6 8.Rc1 Bb7
9.Be2 Nbd7 10.cxd5 exd5 11.O-O c5 12.dxc5 bxc5 13.Bb5 Nb6 14.Qe2 a6 15.Bd3 Nh5
16.Bxe7 Qxe7 17.a4 Rfe8 18.a5 Nd7 19.Na4 g6 20.b4 c4 21.Bc2 Rab8 22.Qd2 Ng7
23.Rb1 Ne6 24.Nc3 Ng5 25.Nxg5 Qxg5 26.Qd4 Nf8 27.h4 Qe7 28.h5 Ne6 29.Qg4 Qf6
30.Ne2 g5 31.f4 d4 32.Nxd4 Nxd4 33.fxg5 Qxg5 34.Qxg5+ hxg5 35.exd4 Re2 36.Rf2 Rxc2
37.Rxc2 Be4 38.Rcc1 Bxb1 39.Rxb1 c3 40.d5 c2 41.Rc1 Rxb4 42.Rxc2 Rd4 43.Rc5 Kh7
44.Kf2 f5 45.d6 Kh6 46.Rxf5 Kxh5 47.Rf6 Ra4 48.Kf3 g4+ 49.Ke3 Rxa5 50.d7 Rd5
51.Rf5+  1-0

[Event "Hastings8384"]
[Site "Hastings"]
[Date "1983.??.??"]
[Round "13"]
[White "Speelman, Jonathan S"]
[Black "Ivanov, Igor V"]
[Result "1-0"]
[WhiteElo "2535"]
[BlackElo "2515"]

1.Nf3 e6 2.g3 f5 3.Bg2 Nf6 4.O-O Be7 5.c4 O-O 6.b3 d6 7.d4 Ne4 8.Bb2 Bf6
9.Nbd2 Nc6 10.Ne1 Ng5 11.f4 Nf7 12.Nef3 e5 13.d5 Ne7 14.fxe5 dxe5 15.e4 c6
16.Rf2 cxd5 17.cxd5 Ng6 18.exf5 Bxf5 19.Nc4 Be4 20.Qe1 Bxf3 21.Bxf3 Ng5 22.Bg2 e4
23.Bxf6 Rxf6 24.Rd1 b5 25.Rxf6 Qxf6 26.Nd2 Nf3+ 27.Bxf3 exf3 28.Ne4 Qe5 29.d6 Rd8
30.Qe3 Qf5 31.Nf2 a6 32.Qb6 Re8 33.Qc6 Rc8 34.Qxa6 Nf8 35.Qb7 Re8 36.g4 Qf6
37.Qxb5 Re5 38.Qc4+ Kh8 39.Kf1 Qh6 40.Qf7  1-0

[Event "EU-chT Plovdiv"]
[Site "Plovdiv"]
[Date "1983.??.??"]
[Round "1"]
[White "Speelman, Jonathan S"]
[Black "Fedder, Steen"]
[Result "1/2-1/2"]
[WhiteElo "2570"]
[BlackElo "2440"]

1.Nf3 Nf6 2.c4 c5 3.g3 b6 4.Bg2 Bb7 5.O-O e6 6.Nc3 Be7 7.Re1 Ne4 8.Na4 d5
9.cxd5 exd5 10.d3 Nf6 11.d4 O-O 12.dxc5 bxc5 13.Be3 Nbd7 14.Rc1 Rc8 15.Qb3 Ba8
16.Red1 Re8 17.Bd2 Bf8 18.e3 Bc6 19.Qc2 Nb6 20.Nxb6 axb6 21.Bc3 Qd6 22.Ng5 g6
23.h4 h6 24.Bxf6 Qxf6 25.Nh3 Bg7 26.b3 Red8 27.Nf4 d4 28.e4 h5 29.Nd3 Bb5
30.a4 Ba6 31.Nb2 g5 32.hxg5 Qxg5 33.Nc4 Qg6 34.Rd3 Bb7 35.Re1 Rc7 36.Qe2 Re7
37.e5 Bxg2 38.Kxg2 f6 39.Qe4 Qxe4+ 40.Rxe4 Re6 41.f4  1/2-1/2

[Event "EU-chT Plovdiv"]
[Site "Plovdiv"]
[Date "1983.??.??"]
[Round "2"]
[White "Speelman, Jonathan S"]
[Black "Sax, Gyula"]
[Result "1/2-1/2"]
[WhiteElo "2570"]
[BlackElo "2560"]

1.Nf3 Nf6 2.c4 c5 3.Nc3 d5 4.cxd5 Nxd5 5.g3 Nc6 6.Bg2 Nc7 7.b3 e5 8.Bb2 Be7
9.Rc1 Ne6 10.O-O O-O 11.Ne1 Bd7 12.Nd3 b6 13.Nd5 Bd6 14.f4 exf4 15.gxf4 Rc8
16.e3 f6 17.Qh5 Ne7 18.f5 Nc7 19.Nxe7+ Qxe7 20.Nf4 Qe8 21.Qxe8 Rfxe8 22.Nd5 Kf8
23.Nxc7 Rxc7 24.Bd5 Bc6 25.Bxc6 Rxc6 26.b4 Re4 27.bxc5 bxc5 28.Ba3 Rg4+ 29.Kh1 Rh4
30.Rf2 Ra4 31.Rc3 c4 32.Bxd6+ Rxd6 33.Rc2 Ra5  1/2-1/2

[Event "EU-chT Plovdiv"]
[Site "Plovdiv"]
[Date "1983.??.??"]
[Round "5"]
[White "Kindermann, Stefan"]
[Black "Speelman, Jonathan S"]
[Result "0-1"]
[WhiteElo "2440"]
[BlackElo "2570"]

1.e4 c6 2.d4 d5 3.exd5 cxd5 4.c4 Nf6 5.Nc3 e6 6.Nf3 Bb4 7.cxd5 Nxd5 8.Qc2 Nc6
9.Bd3 Ba5 10.a3 Nxc3 11.bxc3 Nxd4 12.Nxd4 Qxd4 13.O-O Qe5 14.Be3 Bb6 15.Rfe1 Qc7
16.Rab1 Bd7 17.Rb4 Bxe3 18.Rxe3 Bc6 19.Be4 Rd8 20.Rc4 Bxe4 21.Rexe4 Qe7 22.Qa4+ Qd7
23.Red4 Qxa4 24.Rxa4 Rxd4 25.cxd4 a6 26.Rb4 b5 27.a4 Kd7 28.axb5 Rb8 29.Kf1 axb5
30.Ke2 Kc6 31.Kd3 Kb6 32.Rb1 Ra8 33.Rb2 Ra3+ 34.Ke4 f6 35.f4 Ra4 36.g4 b4
37.f5 exf5+ 38.Kxf5 Kb5 39.Ke6 Kc4 40.d5 Kc3 41.Rf2 b3 42.Rf3+ Kc4 43.Rf4+ Kc5
44.Rxa4 b2 45.Ra5+ Kb6 46.Ra8 Kb7 47.Rg8 b1=Q 48.Rxg7+ Kb6 49.d6 Qe4+ 50.Kxf6 Qf4+
51.Ke6 Qh6+ 52.Kf7 Qxd6 53.h4 Qd5+ 54.Ke7 h5 55.Rg6+ Kc7  0-1

[Event "EU-chT Plovdiv"]
[Site "Plovdiv"]
[Date "1983.??.??"]
[Round "6"]
[White "Speelman, Jonathan S"]
[Black "Vaganian, Rafael A"]
[Result "1/2-1/2"]
[WhiteElo "2570"]
[BlackElo "2550"]

1.Nf3 Nf6 2.c4 g6 3.Nc3 Bg7 4.e4 d6 5.d4 O-O 6.Be2 e5 7.Be3 Nc6 8.d5 Ne7
9.Nd2 c5 10.g4 Ne8 11.h4 f5 12.f3 Nf6 13.h5 f4 14.Bf2 gxh5 15.g5 Nd7 16.Nb5 Nb8
17.b4 b6 18.bxc5 bxc5 19.Nb3 a6 20.Nc3 Rf7 21.Rxh5 Bf8 22.Kd2 Ng6 23.Qh1 Nd7
24.Bf1 Be7 25.Bh3 Ndf8 26.Bxc8 Rxc8 27.Qh3 Rb8 28.Qg4 Rb4 29.Kd3 Qc7 30.Be1 Bd8
31.Nd1 Rb8 32.Nf2 Qa7 33.Na5 Bxa5 34.Bxa5 Rb2 35.Qg1 Qb8  1/2-1/2

[Event "EU-chT Plovdiv"]
[Site "Plovdiv"]
[Date "1983.??.??"]
[Round "7"]
[White "Nikolic, Predrag"]
[Black "Speelman, Jonathan S"]
[Result "1-0"]
[WhiteElo "2490"]
[BlackElo "2570"]

1.Nf3 c5 2.c4 g6 3.d4 Bg7 4.d5 d6 5.g3 Na6 6.Bg2 f5 7.O-O Nf6 8.Nc3 O-O 9.Re1 Nc7
10.e4 fxe4 11.Ng5 b5 12.cxb5 Bg4 13.Qb3 a6 14.bxa6 Qb8 15.Qc4 Qb4 16.Bf1 Bc8
17.Qxb4 cxb4 18.Nb5 Nxa6 19.Nxe4 Bb7 20.Bg5 Nxe4 21.Rxe4 Bxd5 22.Rxe7 Nc5
23.Nxd6 b3 24.a3 Bd4 25.Re2 Nd3 26.Be3 Bxb2 27.Rd1 Bf3 28.Rxd3 Bxe2 29.Bxe2 Bxa3
30.Nb5 b2 31.Rb3 Bc5 32.Bxc5 Ra1+ 33.Kg2 b1=Q 34.Rxb1 Rxb1 35.Bxf8 Kxf8 36.Nd4 Ke7
37.h4 Kf6 38.Nf3 h6 39.Nh2 Rb4 40.h5 gxh5 41.Bxh5 Kg5 42.Be2 Rb2 43.f4+ Kf5
44.Kf3 Rb3+ 45.Kf2 Rb2 46.Ke3 Rb3+ 47.Bd3+ Kf6 48.Ng4+ Kg7 49.f5 h5 50.Ne5 Kf6
51.Kf4 Rb4+ 52.Bc4 Rb2 53.Nd3 Rd2 54.Ba6 Ra2 55.Bb7 Ra4+ 56.Be4 Rc4 57.Ne1 Rc8
58.Ng2 h4 59.g4 h3 60.g5+ Ke7 61.f6+ Kd6 62.g6 Ke6  1-0